| 000 | 004470000a22001690004500 | ||
|---|---|---|---|
| 003 | MACL | ||
| 005 | 20160102123953.0 | ||
| 008 | 160102b xxu||||| |||| 00| 0 eng d | ||
| 040 |
_aMACL _cMACL |
||
| 041 | _aEnglish | ||
| 082 | _a752/CHE | ||
| 100 |
_aChevreul, M E _926963 |
||
| 245 | _aThe Principles of Harmony and Contrast of colours | ||
| 260 |
_bG Bell & Sons Ltd _c1912 _aLondon |
||
| 650 |
_aColor Arts _926964 |
||
| 942 |
_cBK _k752/CHE _2ddc |
||
| 999 |
_c37091 _d37091 |
||